Fenomény bídy, bohatství a blahobytu

Salvato in:
Dettagli Bibliografici
Natura: Libro
Lingua:ceco
Pubblicazione: Praha Ústřední ústav národohospodářského výzkumu 1990
Tags: Aggiungi Tag
Nessun Tag, puoi essere il primo ad aggiungerne!!

MARC

LEADER 00000nam a2200000 4500
001 c036261
005 20250526093723.9
041 0 |a cze 
044 |a CZ 
245 1 0 |a Fenomény bídy, bohatství a blahobytu 
264 1 |a Praha  |b Ústřední ústav národohospodářského výzkumu  |c 1990 
300 |a 30 s.